000
00227 a2200097 4500
001
42357
100
_a
Breul K
245
_a
Cassell's German and English Dictionary
260
_a
_b
Cassell & Co. Ltd
_c
090
_c
26292
_d
26292
942
_a
NUST-CAE
_c
M
_c
18105
999
_c
277430
_d
277430